000
00265nam a2200109Ia 4500
008
210107s9999 xx 000 0 und d
100
_a
Menon, Raja
245
2
_a
A Nuclear Strategy For India
260
_a
New Delhi
_b
Sage Publications
300
_a
316
942
_c
BK
999
_c
10686
_d
10686